Congreso Jurídico Centro-Americano 1897. (Record no. 183861)

MARC details
000 -LEADER
campo de control de longitud fija 00526nam a2200145 i 4500
001 - NÚMERO DE CONTROL
campo de control 183861
003 - IDENTIFICADOR DE NÚMERO DE CONTROL
campo de control ES-MaACL
005 - FECHA Y HORA DE LA ÚLTIMA TRANSACCIÓN
campo de control 20230906222004.0
008 - DATOS DE LONGITUD FIJA--INFORMACIÓN GENERAL
campo de control de longitud fija 141030s1897 gt |||| | spa d
111 2# - ENTRADA PRINCIPAL--NOMBRE DE CONGRESO/REUNIÓN
Nombre de congreso/reunión o jurisdicción como elemento de entrada Congreso Jurídico Centro-Americano (
Número del congreso/reunión o número de parte o sección 1º.
Fecha del congreso o de la firma del tratado 1897.
Sede del congreso/Lugar de la reunión Guatemala)
9 (RLIN) 155813
245 10 - MENCIÓN DEL TÍTULO
Título Congreso Jurídico Centro-Americano 1897.
260 ## - PUBLICACIÓN, DISTRIBUCIÓN, ETC.
Lugar de publicación, distribución, etc. Guatemala :
Nombre del editor, distribuidor, etc. [s.n.],
Fecha de publicación, distribución, etc. 1897 (
Fabricante Tip. Nacional)
300 ## - DESCRIPCIÓN FÍSICA
Extensión 232 p. :
Otras características físicas il. ;
Dimensiones 26 cm.
852 ## - LOCALIZACIÓN
Ubicación ES-MaACL
Número de control de estantería T-817-F-2
Nota libre .- Enc. en un vol. facticio conservando la enc. original
Holdings
Estatus retirado Estado de pérdida Estado de daño No para préstamo Colección Biblioteca de origen Biblioteca actual Ubicación en estantería Fecha de adquisición Fuente de adquisición Total de préstamos Signatura topográfica completa Código de barras Visto por última vez Precio de reemplazo Tipo de ítem Koha
        Colección de folletos Biblioteca del Ateneo de Madrid Biblioteca del Ateneo de Madrid Depósito folletos 30/10/2014     T-817-F-2 1193325 23/02/2023 23/02/2023 Folleto